| 000 | 00464nam a2200193Ia 4500 | ||
|---|---|---|---|
| 003 | GCL | ||
| 008 | 140319s9999 xx 000 0 eng d | ||
| 040 |
_aGCL / _cGCL |
||
| 082 | 0 | 4 |
_aCH _b272.19 _bB S |
| 100 | 1 | _aBULL, NORMAN | |
| 245 | 1 | 0 |
_aTHE STORY OF JESUS / _cBULL, NORMAN |
| 260 |
_a[S.N] : _bHAMLYN ، _c1980 |
||
| 300 | _a157 PP | ||
| 650 | 0 | 4 | _aRELIGION |
| 650 | 0 | 4 | _aCHILDREN |
| 650 | 0 | 4 | _aCHRISTIANITY |
| 650 | 0 | 4 | _aBIBLE STORIES |
| 942 |
_2ddc _cBK |
||
| 999 |
_c18006 _d18006 |
||